|
|
|
|
| LEADER |
00000nam0a2200000 4500 |
| 001 |
673020 |
| 005 |
20240927111320.0 |
| 010 |
|
|
|a 978-5-392-41141-2
|
| 090 |
|
|
|a 673020
|
| 100 |
|
|
|a 20240613d2024 k||y0rusy50 ca
|
| 101 |
0 |
|
|a rus
|
| 102 |
|
|
|a RU
|
| 105 |
|
|
|a a z 001yy
|
| 181 |
|
0 |
|a i
|b e
|
| 182 |
|
0 |
|a n
|
| 183 |
|
0 |
|a nc
|2 RDAcarrier
|
| 200 |
1 |
|
|a "Философский пароход": 100 лет без покаяния
|e монография
|f А. Н. Чумаков
|
| 203 |
|
|
|a Текст
|b визуальный
|c непосредственный
|
| 210 |
|
|
|a Москва
|c Проспект
|d 2024
|
| 215 |
|
|
|a 456 с.
|c ил.
|
| 283 |
|
|
|a volume
|2 RDAcarrier
|
| 320 |
|
|
|a Библиогр. в тексте
|
| 330 |
|
|
|a Книга посвящена одной из наиболее драматических страниц российской истории — высылке из страны «философского парохода» и актуальным до настоящего времени последствиям этой беспрецедентной акции, предпринятой на заре советской власти. Также значительное внимание уделено философской жизни в постсоветской России и попыткам возвращения на Родину "философского парохода". На богатом фактическом и во многом уникальном материале воссоздается картина развития русской философии советского периода и современной России. Издание адресовано широкому кругу читателей, интересующихся проблемами русской философии, а также историей России и перспективами ее социально-политического и культурного развития
|
| 606 |
1 |
|
|a Русская философия
|x история
|z 20 в.
|9 83282
|
| 610 |
1 |
|
|a Россия
|
| 610 |
1 |
|
|a философия
|
| 610 |
1 |
|
|a интеллигенция
|
| 610 |
1 |
|
|a репрессии
|
| 610 |
1 |
|
|a перманентная эмиграция
|
| 610 |
1 |
|
|a Философский пароход
|
| 610 |
1 |
|
|a русское зарубежье
|
| 610 |
1 |
|
|a советская власть
|
| 610 |
1 |
|
|a высылка
|
| 610 |
1 |
|
|a постсоветский период
|
| 610 |
1 |
|
|a идентичность
|
| 610 |
1 |
|
|a 21 век
|
| 610 |
1 |
|
|a конгрессы
|
| 610 |
1 |
|
|a общественная мысль
|
| 610 |
1 |
|
|a общественное развитие
|
| 610 |
1 |
|
|a XXI Всемирный философский конгресс
|
| 610 |
1 |
|
|a Философские автобусы
|
| 610 |
1 |
|
|a Философский поезд
|
| 610 |
1 |
|
|a Афинский конгресс
|
| 610 |
1 |
|
|a XXIV Всемирный философский конгресс
|
| 610 |
1 |
|
|a монографии
|
| 686 |
|
|
|2 rubbk
|a Ю3(2)6
|
| 700 |
|
1 |
|a Чумаков
|b А. Н.
|g Александр Николаевич
|
| 801 |
|
0 |
|a RU
|b 63413507
|c 20240613
|
| 942 |
|
|
|c BK
|